000
00288nam a22001337a 4500
003
SGT
020
_a
9781501330292
082
_b
CRA
100
_a
CRAWFORD CONNIE AMADEN
245
_a
THE ART OF FASHION DRAPING
260
_b
BLOOMSBURY PUB.
_c
2018
300
_a
491
942
_2
ddc
_c
BK
999
_c
16722
_d
16722